000 00389 a2200145 4500
999 _c7346
_d7346
020 _a9788131754481
050 _aHD 30.4 BAJ 2011
100 _aBajpai, Naval
245 _aBusiness research methods /
_cNaval Bajpai
264 _aNew Delhi:
_bPearson,
_c2011.
300 _a762p. :
500 _aIncludes index
650 _aBusiness research
_xMethodology
942 _2lcc
_cBK
_h30.4
_iBAJ
_kHD